| 000 | 00710nam a2200241 i 4500 | ||
|---|---|---|---|
| 001 | 106866 | ||
| 003 | ES-MaACL | ||
| 005 | 20230906184309.0 | ||
| 007 | t| | ||
| 008 | 070108s1992 fr ||||1| fre d | ||
| 020 | _a2-253-06257-X | ||
| 080 | _a82.08(038) | ||
| 100 | 1 |
_aMolinié, Georges. _982006 |
|
| 245 | 1 | 0 |
_aDictionnaire de rhétorique / _cpar Georges Molinié. |
| 260 |
_aParis : _bLe Livre de Poche, _c[1992] |
||
| 300 |
_a350 p. ; _c18 cm. |
||
| 490 | 1 | _aLes usuels de Poche | |
| 500 | _aBiblioteca Jacinto Martínez Lacalle. | ||
| 650 | 1 | 4 |
_aRetórica- _vDiccionarios. _916883 |
| 830 | 0 |
_aLes usuels de Poche _9232866 |
|
| 852 |
_aES-MaACL _jE-11506 _bR.139508 |
||
| 999 |
_c106866 _d106866 |
||